|
|
|
|
| LEADER |
01492nam a2200421 a 4500 |
| 001 |
000678469 |
| 003 |
CZ BrMZK |
| 005 |
20030827163324.0 |
| 007 |
ta |
| 008 |
030718s2002 xr ab f 000 0 cze d |
| 015 |
|
|
|a cnb001278115
|
| 020 |
|
|
|a 80-85037-33-5
|q (brož.)
|
| 035 |
|
|
|a (OCoLC)53860570
|
| 040 |
|
|
|a BOA001
|b cze
|
| 041 |
0 |
|
|a cze
|b eng
|
| 043 |
|
|
|a e-xr---
|b e-xr-ol
|2 czenas
|
| 080 |
|
|
|a 902.2
|2 MRF
|
| 080 |
|
|
|a 903.2
|2 MRF
|
| 080 |
|
|
|a 711.459.6
|2 MRF
|
| 080 |
|
|
|a (437.325)
|2 MRF
|
| 080 |
|
|
|a (036)
|2 MRF
|
| 100 |
1 |
|
|a Peška, Jaroslav,
|d 1960-
|7 mzk2003194770
|4 aut
|
| 245 |
1 |
0 |
|a Hradiska z doby bronzové a halštatské na Přerovsku /
|c Jaroslav Peška
|
| 260 |
|
|
|a Olomouc :
|b Vlastivědné muzeum,
|c 2002
|
| 300 |
|
|
|a 46 s. :
|b il. (některé barev.), mapy ;
|c 21 cm
|
| 490 |
1 |
|
|a Archeologické památky střední Moravy ;
|v sv. 3
|
| 500 |
|
|
|a Anglické resumé
|
| 500 |
|
|
|a 300 výt.
|
| 504 |
|
|
|a Obsahuje bibliografie
|
| 650 |
0 |
7 |
|a archeologické nálezy
|7 ph137683
|z Česko
|2 czenas
|
| 650 |
0 |
7 |
|a opevněná sídla
|7 ph123762
|z Česko
|y doba halštatská
|2 czenas
|
| 650 |
0 |
7 |
|a archeologické výzkumy
|7 ph118577
|z Česko
|2 czenas
|
| 655 |
|
7 |
|a informační publikace
|7 fd132454
|2 czenas
|
| 651 |
|
7 |
|a Přerov (Česko : oblast)
|7 ge130578
|2 czenas
|
| 830 |
|
0 |
|a Archeologické památky střední Moravy
|0 s
|
| 910 |
|
|
|a BOA001
|b 2-1121.999
|
| 990 |
|
|
|a BK
|
| 996 |
6 |
|
|b 2610195766
|c 2-1121.999
|l MZK
|r Sklad / do 1 hodiny
|n 8
|p p.v.
|w 000678469
|u 000010
|a 1
|e BOA001
|j MZK50
|s P
|